Matka na kolejích : veselý cestopis pro ty, co neradi plánují /
Uloženo v:
| Hlavní autor: | |
|---|---|
| Médium: | Kniha |
| Jazyk: | Czech |
| Vydáno: |
V Praze :
Motto,
2025
|
| Vydání: | 1. vydání |
| Témata: | |
| Celkem bylo vypůjčeno: | 0x |
| Tagy: |
Žádné tagy |
| LEADER | 02255nam a2200553 i 4500 | ||
|---|---|---|---|
| 001 | 106342 | ||
| 003 | CZ PrNK | ||
| 005 | 20260514075339.0 | ||
| 007 | ta | ||
| 008 | 250514s2025 xr ach e 000 0 cze | ||
| 015 | |a cnb003685234 | ||
| 020 | |a 9788026728580 |q (brožováno) : |c Kč 369,00 | ||
| 040 | |a BOA001 |b cze |d OLA001 |e rda | ||
| 072 | 7 | |a 913(4) |x Geografie Evropy, reálie, cestování |2 Konspekt |9 7 | |
| 080 | |a 791.631-055.2 |2 MRF | ||
| 080 | |a 913:910.4 |2 MRF | ||
| 080 | |a 796.5-053.2 |2 MRF | ||
| 080 | |a 796.57:656.2 |2 MRF | ||
| 080 | |a 913(4) |2 MRF | ||
| 080 | |a (437.3) |2 MRF | ||
| 080 | |a (4) |2 MRF | ||
| 080 | |a (0:82-992) |2 MRF | ||
| 100 | 1 | |a Zlatušková, Kamila, |d 1981- |7 av20231181304 |4 aut |9 117351 |4 pht | |
| 245 | 1 | 0 | |a Matka na kolejích : |b veselý cestopis pro ty, co neradi plánují / |c Kamila Zlatušková |
| 250 | |a 1. vydání | ||
| 264 | 1 | |a V Praze : |b Motto, |c 2025 | |
| 300 | |a 205 stran : |b ilustrace (převážně barevné), portréty, faksimile ; |c 19 cm | ||
| 336 | |a text |b txt |2 rdacontent | ||
| 337 | |a bez média |b n |2 rdamedia | ||
| 338 | |a svazek |b nc |2 rdacarrier | ||
| 600 | 1 | 7 | |a Zlatušková, Kamila, |d 1981- |7 av20231181304 |2 czenas |9 117351 |
| 648 | 7 | |a 2021-2030 |7 ch1094457 |2 czenas | |
| 648 | 7 | |a 20.-21. století |7 ch462155 |2 czenas |9 53009 | |
| 650 | 0 | 7 | |a filmové producentky |7 ph877282 |y 20.-21. století |z Česko |2 czenas |
| 650 | 0 | 7 | |a cesty a pobyt |7 ph137578 |y 2021-2030 |z Evropa |2 czenas |
| 650 | 0 | 7 | |a turistika s dětmi |7 ph198685 |y 2021-2030 |z Evropa |2 czenas |
| 650 | 0 | 7 | |a železniční turistika |7 ph1147949 |y 2021-2030 |z Evropa |2 czenas |
| 650 | 0 | 9 | |a women film producers |y 20th-21st centuries |z Czechia |2 eczenas |
| 650 | 0 | 9 | |a travels and stays |y 2021-2030 |z Europe |2 eczenas |
| 650 | 0 | 9 | |a hiking with children |y 2021-2030 |z Europe |2 eczenas |
| 650 | 0 | 9 | |a railway tourism |y 2021-2030 |z Europe |2 eczenas |
| 651 | 7 | |a Evropa |7 ge137210 |x reálie |2 czenas | |
| 651 | 9 | |a Europe |x description and travel |2 eczenas | |
| 655 | 7 | |a cestopisy |7 fd131956 |2 czenas |9 53521 | |
| 655 | 9 | |a books of travels |2 eczenas | |
| 910 | |a UOG502 | ||
| 942 | |2 ddc |c KN | ||
| 999 | |d 106342 | ||
| 993 | |0 0 |1 421180107063 |2 ddc |4 0 |6 91_000000000000000 |7 0 |9 99724 |b 0 |c 107063 |d 2026-05-14 |e 0 |f DOSP |g 91 |h 369.00 |i Koupě |l DOSP |r 2026-05-14 |t 5 |w 2026-05-14 |y KN |z NAUCNA |n | ||